Κοινωνιολογία της λογοτεχνίας
Αποθηκεύτηκε σε:
| Κύριος συγγραφέας: | |
|---|---|
| Μορφή: | Βιβλίο |
| Γλώσσα: | Greek French |
| Δημοσίευση: |
Αθήναι :
Ζαχαρόπουλος,
1972.
|
| Σειρά: | Τί ξέρω; = Que sais-je? (Ι. Ζαχαρόπουλος)
|
| Θέματα: | |
| Ετικέτες: |
Προσθήκη ετικέτας
Δεν υπάρχουν, Καταχωρήστε ετικέτα πρώτοι!
|
MARC
| LEADER | 00000cam a2200000 i 4500 | ||
|---|---|---|---|
| 001 | 1/21787 | ||
| 008 | 931005s1972 gr | ||| |||| ||gre|| | ||
| 035 | |a 1989 |b 2 |c Δωρεά |l 10036394 | ||
| 040 | |a GR-MyUa |b gre |e AACR2 | ||
| 041 | 1 | |a gre |h fre | |
| 082 | 7 | |a 801.3 |2 (22) | |
| 100 | 1 | |a Escarpit, Robert, |d 1918-2000. | |
| 245 | 1 | 0 | |a Κοινωνιολογία της λογοτεχνίας / |c Robert Escarpit ; μετάφραση: Δ. Π. Ποταμιάνου. |
| 260 | |a Αθήναι : |b Ζαχαρόπουλος, |c 1972. | ||
| 300 | |a 147 σ. ; |c 17 εκ. | ||
| 490 | 1 | |a (Τί ξέρω; = |a Que sais-je? ; |v 130) | |
| 500 | |a Μετάφραση του: Sociologie de la litterature. | ||
| 504 | |a Περιλαμβάνει βιβλιογραφικές παραπομπές. | ||
| 650 | 0 | |a Literature and society. | |
| 830 | 0 | |a Τί ξέρω; = Que sais-je? (Ι. Ζαχαρόπουλος) | |
| 852 | |a INST |b RHODES |e 19931005 |h 801.3 ESC |p 005400004116 |q 005400004116 |t BK |y 0 | ||
| 852 | |a INST |b RHODES |e 19990524 |h 801.3 ESC |p 005400005574 |q 005400005574 |t BK |y 10 | ||
| 922 | |a 4ΕΛΗ |b 199806 |c ΚΠΣ/Ν | ||
| 970 | |z 1993/10 | ||